• 首页
  • 本馆介绍
  • 公告通知
  • 最新文献
  • 馆藏检索
  • 电子资源
  • 读者导购
  • 参考咨询
  • 我的图书馆
  • 登录
  • 详细信息显示
  • 放入我的书架
  • 预约/预借图书
  • 作者相关作品
  • 分类相关作品
  • 丛书相关作品
  • 出版社相关作品

书目信息

  • 表格格式
  • 工作单格式
  • 卡片格式
题名:
抗癌杂谈
    
 
作者: 伯克利 , Berkley 著 ;陈祖辉 等译
分册:  
出版信息: 北京   人民出版社  1982
页数: 212页
开本: 19cm
丛书名:
单 册:
中图分类: R73-49 , R730.1
科图分类:
主题词: 癌--防治 , 肿瘤学
电子资源:
ISBN:
000 00933nam0 2200313 45
001 0182009918
005 20040524081258.3
010    @dCNY0.56
091    @a14048.4128
100    @a19950615d1982 emky0chiy0121 ea
101 1  @achi@ceng
102    @aCN@b110000
105    @ay z 000yy
106    @ar
200 10 @a抗癌杂谈@Akang ai za tan@f( )伯克利(G.E. Berkley)著@g陈祖辉等译
210    @a北京@c人民出版社@d1982
215    @a212页@d19cm
300    @a书名原文;Cancer-how to prevent it and how to help your doctor fight it
510 1  @aCancer-how to prevent it and how to help your doctor firght it@zeng
606    @a癌@x防治
606 0  @a肿瘤学
690    @aR73-49@v3
690    @aR730.1
701  1 @a伯克利@Abo ke li@bG.E.@4著
701 A1 @aBerkley@bG.E.@4著
702  0 @a陈祖辉@Achen zu hui@4等译
801  0 @aCN@b上海图书馆@c20040524
801  2 @aCN@bNLC@c20040524
905    @f2@b177300-301@dR730.1@e11
    
    抗癌杂谈/( )伯克利(G.E. Berkley)著/陈祖辉等译.-北京:人民出版社,1982
    212页;19cm
    书名原文;Cancer-how to prevent it and how to help your doctor fight it
    
    ISBN :CNY0.56
    
●
相关链接 在E读中查询图书 在五车中查询图书 在当当中查询图书 在豆瓣中查询图书


正题名:抗癌杂谈     索取号:R730.1/11         预约/预借

序号 登录号 条形码 馆藏地/架位号 状态 备注
1 0177300   000716639   第三借阅区/ [索取号:R730.1/11] 在馆    
2 0177301   000716648   第三借阅区/ [索取号:R730.1/11] 在馆    
3 0177302   000716602   第二样本阅览室/ [索取号:R730.1/11] 在馆    
唐山师范学院图书馆 欢迎您!
大连网信软件有限公司© 版权所有